[Event "Gibraltar Amateurs A"]
[Site "Gibraltar"]
[Date "2019.01.22"]
[Round "2.35"]
[White "Lassan, Szabolcs"]
[Black "Savage, Neil"]
[Result "0-1"]
[WhiteElo "1309"]
[BlackElo "1585"]
[PlyCount "60"]
[EventDate "2019.01.21"]
[EventType "swiss"]
[EventRounds "5"]
[EventCountry "GGB"]

1. d4 Nf6 2. c4 g6 3. Nc3 d5 4. Bf4 Bg7 5. e3 O-O 6. Qb3 e6 7. f3 Nh5 8. Bg3
Nxg3 9. hxg3 dxc4 10. Bxc4 Qg5 11. Kf2 Nc6 12. Nh3 Qe7 13. Qc2 b6 14. f4 h6 15.
Bd3 f5 16. a3 Bb7 17. Rh2 Rad8 18. Ne2 Qd6 19. g4 Ne7 20. gxf5 exf5 21. g4 c5
22. gxf5 Nxf5 23. Rg1 cxd4 24. e4 Ne3 25. Qb3+ Kh8 26. Ng5 Rxf4+ 27. Ke1 Rdf8
28. Nxf4 Qxf4 29. e5 Qxh2 30. Qg8+ Kxg8 0-1

[Event "Gibraltar Amateurs A"]
[Site "Gibraltar"]
[Date "2019.01.23"]
[Round "3.1"]
[White "Bryant, Richard B E"]
[Black "Sharma, Pankaj"]
[Result "1/2-1/2"]
[WhiteElo "1862"]
[BlackElo "1809"]
[PlyCount "135"]
[EventDate "2019.01.21"]
[EventType "swiss"]
[EventRounds "5"]
[EventCountry "GGB"]

1. e4 c6 2. Nc3 e5 3. Nf3 d6 4. Bc4 Be7 5. d3 Nf6 6. h3 O-O 7. O-O a5 8. a4 Na6
9. Bd2 Nc5 10. Ba2 Be6 11. Re1 Re8 12. Bxe6 Nxe6 13. Ne2 Bf8 14. Ng3 g6 15. c3
Bg7 16. Qc2 c5 17. Nf1 Nc7 18. Ne3 d5 19. exd5 Nfxd5 20. Nc4 f6 21. Rad1 Ne6
22. Bc1 Qc7 23. Qb3 Rad8 24. Qb5 b6 25. d4 exd4 26. cxd4 Re7 27. dxc5 Nxc5 28.
Rxe7 Qxe7 29. Re1 Qd7 30. Qxd7 Rxd7 31. Rd1 Kf7 32. Ne3 Nf4 33. Rxd7+ Nxd7 34.
Bd2 Nd3 35. Nc4 N3c5 36. Be3 Bf8 37. b3 Nxb3 38. Nxb6 Nxb6 39. Bxb6 Bb4 40. Nd4
Nxd4 41. Bxd4 Ke6 42. Kf1 Kd5 43. Bxf6 Kc4 44. Ke2 Kb3 45. Kd3 Kxa4 46. Kc2 Kb5
47. g4 Bd6 48. Bg5 Kc4 49. f4 a4 50. f5 Kd5 51. f6 Ke6 52. Kc3 Be5+ 53. Kb4
Bxf6 54. Bd2 g5 55. Kxa4 Kd5 56. Kb5 Bd8 57. Bc1 Bf6 58. Bd2 h6 59. Bb4 Bg7 60.
Kb6 Ke4 61. Kc6 Kf3 62. Kd5 Kg3 63. Ke6 Kxh3 64. Kf5 Bd4 65. Bf8 h5 66. gxh5 g4
67. Bd6 g3 68. Bxg3 1/2-1/2

[Event "Gibraltar Amateurs A"]
[Site "Gibraltar"]
[Date "2019.01.23"]
[Round "3.4"]
[White "Escanciano Reyero, Daniel"]
[Black "Olaizola, Miguel"]
[Result "0-1"]
[WhiteElo "1732"]
[BlackElo "1831"]
[PlyCount "84"]
[EventDate "2019.01.21"]
[EventType "swiss"]
[EventRounds "5"]
[EventCountry "GGB"]

1. d4 d5 2. c4 c6 3. cxd5 cxd5 4. Nc3 Nf6 5. g3 g6 6. Bg2 Bg7 7. Bg5 Ne4 8.
Nxe4 dxe4 9. Qa4+ Bd7 10. Qa3 h6 11. Bd2 Nc6 12. e3 Bf5 13. Ne2 O-O 14. O-O e5
15. d5 Qxd5 16. Rad1 Qe6 17. f3 exf3 18. Bxf3 Bg4 19. e4 Bh3 20. Rf2 Rad8 21.
Nc3 Nd4 22. Bh1 Bg4 23. Rdf1 Ne2+ 24. Nxe2 Rxd2 25. Nc3 Rxf2 26. Rxf2 a6 27.
Nd5 b5 28. Rc2 Rd8 29. Qc5 Kh7 30. Bg2 Rc8 31. Qxc8 Qxc8 32. Rxc8 Bxc8 33. Kf2
f5 34. Bh3 Be6 35. Nc7 Bxa2 36. exf5 g5 37. Nxa6 e4 38. b4 Bd4+ 39. Ke1 e3 40.
Nc7 Bc4 41. Ne6 Bc3+ 42. Kd1 e2+ 0-1

[Event "Gibraltar Amateurs A"]
[Site "Gibraltar"]
[Date "2019.01.23"]
[Round "3.5"]
[White "Wilson, Matthew R"]
[Black "Anjali, R. Sagar"]
[Result "0-1"]
[WhiteElo "1822"]
[BlackElo "1787"]
[PlyCount "44"]
[EventDate "2019.01.21"]
[EventType "swiss"]
[EventRounds "5"]
[EventCountry "GGB"]

1. e4 e5 2. Nf3 Nc6 3. Bc4 Bc5 4. c3 Nf6 5. d3 a6 6. Nbd2 O-O 7. Bb3 Ba7 8. h3
d5 9. O-O dxe4 10. dxe4 Qe7 11. Qe2 Nh5 12. Nc4 Ng3 13. Qe1 Nxf1 14. Kxf1 Be6
15. Ne3 Bxe3 16. Bxe3 Bxb3 17. axb3 Qe6 18. b4 Qc4+ 19. Qe2 Qxe4 20. Ng5 Qg6
21. Qc4 Rad8 22. Ne4 b5 0-1

[Event "Gibraltar Amateurs A"]
[Site "Gibraltar"]
[Date "2019.01.23"]
[Round "3.6"]
[White "Kuenitz, Klaus"]
[Black "Teh, Wee Zhun"]
[Result "0-1"]
[WhiteElo "1723"]
[BlackElo "1818"]
[PlyCount "120"]
[EventDate "2019.01.21"]
[EventType "swiss"]
[EventRounds "5"]
[EventCountry "GGB"]

1. d4 d5 2. c4 c6 3. cxd5 cxd5 4. Nc3 Nf6 5. Nf3 Nc6 6. Bf4 Bf5 7. e3 e6 8. Bb5
Nd7 9. O-O Rc8 10. Rc1 a6 11. Bd3 Bxd3 12. Qxd3 Be7 13. h3 O-O 14. Rfe1 h6 15.
Qd2 Re8 16. Bg3 Nb6 17. Qe2 Nc4 18. Red1 b5 19. b3 Nd6 20. Bxd6 Bxd6 21. Nb1
Qa5 22. Qb2 Ne7 23. Ne1 b4 24. Nd3 Qb5 25. Qe2 Nf5 26. Kf1 Qa5 27. Qd2 Qb6 28.
Rxc8 Rxc8 29. Rc1 Rxc1+ 30. Qxc1 Bf8 31. Ke2 Qa5 32. Qd2 Qb5 33. Ke1 Qb8 34. g3
Bd6 35. Nf4 Bxf4 36. gxf4 Nd6 37. f3 Qb5 38. Qe2 Qc6 39. Qd2 Nf5 40. Kf2 Qd6
41. Ke2 Qe7 42. Kd3 Qb7 43. Qc2 Qb5+ 44. Kd2 Qf1 45. Qd1 Qf2+ 46. Qe2 Qg1 47.
Qd3 Qh2+ 48. Qe2 Qxh3 49. Qxa6 Qxf3 50. Qe2 Qe4 51. Qd3 Qh1 52. a4 bxa3 53.
Nxa3 Qa1 54. b4 Qb2+ 55. Nc2 Ng3 56. Qa3 Ne4+ 57. Kd3 Nf2+ 58. Kd2 Ne4+ 59. Kd3
Qb1 60. Qa1 Qb3+ 0-1

[Event "Gibraltar Amateurs A"]
[Site "Gibraltar"]
[Date "2019.01.23"]
[Round "3.9"]
[White "Pink, Joshua"]
[Black "Kovacevic, Aleksandar S"]
[Result "1/2-1/2"]
[WhiteElo "1890"]
[BlackElo "1793"]
[PlyCount "104"]
[EventDate "2019.01.21"]
[EventType "swiss"]
[EventRounds "5"]
[EventCountry "GGB"]

1. d4 Nf6 2. c4 e6 3. Nf3 d5 4. Nc3 Bb4 5. cxd5 exd5 6. Bg5 O-O 7. e3 c6 8. Bd3
h6 9. Bh4 Nbd7 10. O-O Qc7 11. Bg3 Bd6 12. Qe2 Re8 13. Rfc1 Bxg3 14. hxg3 Qd6
15. Nd2 Nf8 16. Rab1 Bg4 17. Qf1 Rad8 18. b4 Bh5 19. b5 Bg6 20. Bxg6 Nxg6 21.
bxc6 bxc6 22. Na4 Rb8 23. Nc5 Rxb1 24. Rxb1 Rb8 25. a4 Nf8 26. a5 Ne6 27. Nxe6
fxe6 28. a6 Rxb1 29. Qxb1 Qa3 30. Qb8+ Kh7 31. Qc8 Qa1+ 32. Nf1 Ne4 33. Qxe6
Qxa6 34. f3 Nf6 35. g4 Qb7 36. Qf5+ Kg8 37. Ng3 Qd7 38. Kf2 a5 39. Ke2 Qc7 40.
Qe6+ Kf8 41. Nf5 a4 42. Kd3 Qb7 43. Qd6+ Kg8 44. Ne7+ Kf7 45. Nxc6 Qb3+ 46. Ke2
a3 47. Ne5+ Kg8 48. Qe6+ Kh7 49. Qf5+ Kg8 50. Qc8+ Kh7 51. Qf5+ Kg8 52. Qe6+
Kh7 1/2-1/2

[Event "Gibraltar Amateurs A"]
[Site "Gibraltar"]
[Date "2019.01.23"]
[Round "3.10"]
[White "Lane, Ryan"]
[Black "Bauer, Dieter"]
[Result "1-0"]
[WhiteElo "1851"]
[BlackElo "1714"]
[PlyCount "126"]
[EventDate "2019.01.21"]
[EventType "swiss"]
[EventRounds "5"]
[EventCountry "GGB"]

1. e4 d6 2. d4 Nf6 3. Nc3 e5 4. Nf3 exd4 5. Nxd4 Be7 6. Bc4 O-O 7. Bb3 a6 8. a4
c5 9. Nde2 Nc6 10. O-O b6 11. Ng3 Nb4 12. Bf4 Qc7 13. Qe2 Ng4 14. Rad1 Ne5 15.
Bxe5 dxe5 16. Nd5 Nxd5 17. Bxd5 Rb8 18. Qf3 g6 19. Rd2 Bg5 20. Re2 Kg7 21. Rd1
h5 22. h3 h4 23. Nf1 b5 24. axb5 axb5 25. Ne3 Rb6 26. Ng4 c4 27. Qc3 f6 28. Ra1
Ba6 29. Qb4 Re8 30. Rae1 Qe7 31. Qxe7+ Rxe7 32. Ne3 Bxe3 33. Rxe3 Bb7 34. Rd1
Rd7 35. Re2 Rbd6 36. Red2 Kf8 37. Kf1 Ke7 38. Ke2 Bxd5 39. exd5 Ra7 40. Ke3 f5
41. g3 hxg3 42. fxg3 Kd7 43. g4 Ra4 44. c3 b4 45. Rf2 Rf6 46. Rdf1 f4+ 47. Ke4
Kd6 48. h4 b3 49. Rh1 Ra5 50. Rd1 Rf8 51. h5 gxh5 52. gxh5 Rh8 53. Rh2 Ra2 54.
Rg1 Rf8 55. Rg6+ Kd7 56. Kxe5 f3 57. Rg7+ Kd8 58. Rf2 Ra1 59. h6 Re1+ 60. Kd6
Rf6+ 61. Kc5 Re2 62. h7 Re8 63. Ra7 Rc6+ 1-0

[Event "Gibraltar Amateurs A"]
[Site "Gibraltar"]
[Date "2019.01.23"]
[Round "3.11"]
[White "Garcia-Blazquez Perez, Manuel"]
[Black "Bussmann, John"]
[Result "0-1"]
[WhiteElo "1849"]
[BlackElo "1671"]
[PlyCount "102"]
[EventDate "2019.01.21"]
[EventType "swiss"]
[EventRounds "5"]
[EventCountry "GGB"]

1. e4 c5 2. Nf3 g6 3. d4 cxd4 4. Nxd4 Bg7 5. Nc3 Nc6 6. Be3 Nf6 7. Nxc6 bxc6 8.
e5 Ng8 9. f4 f6 10. e6 dxe6 11. Qxd8+ Kxd8 12. O-O-O+ Ke8 13. Na4 Nh6 14. g3
Nf5 15. Bf2 Kf7 16. Nc5 a5 17. Bg2 Nd6 18. Rhe1 Rb8 19. Bxc6 f5 20. Nd3 Bb7 21.
Bd7 Bd5 22. b3 Bc3 23. Ne5+ Bxe5 24. Rxe5 Rb7 25. Ba4 Ne4 26. Bd4 Rc8 27. Kb2
Rc4 28. Ka3 Rxc2 29. Rg1 Rb4 30. Bb2 Nc5 31. Rc1 Rxc1 32. Bxc1 Nd3 33. Bd2 Nxe5
34. fxe5 Re4 35. Bf4 Re2 36. h4 Kg7 37. Bb5 Re4 38. Kb2 h6 39. Kc3 Rb4 40. Bc4
Bxc4 41. bxc4 g5 42. hxg5 hxg5 43. Bxg5 Kf7 44. a3 Rb7 45. c5 Ke8 46. Kc4 Kd7
47. Bd2 a4 48. Bb4 Kc6 49. Kd4 Rd7+ 50. Ke3 Rd5 51. Kf4 Rd4+ 0-1

[Event "Gibraltar Amateurs A"]
[Site "Gibraltar"]
[Date "2019.01.23"]
[Round "3.12"]
[White "Carr, Jay"]
[Black "Galinskyi, Mykhalo"]
[Result "1-0"]
[WhiteElo "1842"]
[BlackElo "1540"]
[PlyCount "77"]
[EventDate "2019.01.21"]
[EventType "swiss"]
[EventRounds "5"]
[EventCountry "GGB"]

1. c4 e6 2. g3 d5 3. Bg2 Nf6 4. Nf3 dxc4 5. Qa4+ Bd7 6. Qxc4 Bc6 7. O-O a6 8.
d3 Bd6 9. b3 Nbd7 10. Bb2 O-O 11. Nbd2 Rc8 12. Qc2 Re8 13. Nc4 b5 14. Na5 Ba8
15. Nc6 Bxc6 16. Qxc6 Nb8 17. Qc3 c5 18. Rac1 Nc6 19. Qd2 Qb6 20. h3 e5 21. Ng5
h6 22. Ne4 Nxe4 23. Bxe4 Nd4 24. Bc3 b4 25. Ba1 a5 26. e3 Ne6 27. Rfd1 Ng5 28.
Bg2 Ne6 29. Bd5 Nc7 30. Bc4 Ne6 31. Bd5 Nc7 32. Bg2 Ne6 33. Qe2 Qc7 34. Rc4 f5
35. Bd5 Kh8 36. Qh5 f4 37. gxf4 exf4 38. Qxh6+ Kg8 39. Bxe6+ 1-0

[Event "Gibraltar Amateurs A"]
[Site "Gibraltar"]
[Date "2019.01.23"]
[Round "3.13"]
[White "Fong, Mi Yen"]
[Black "Gonzalez Pabollet, Jesus Maria S"]
[Result "0-1"]
[WhiteElo "1687"]
[BlackElo "1875"]
[PlyCount "86"]
[EventDate "2019.01.21"]
[EventType "swiss"]
[EventRounds "5"]
[EventCountry "GGB"]

1. e4 c5 2. Nc3 e6 3. f4 Nc6 4. Nf3 d5 5. e5 a6 6. a4 Nh6 7. Be2 Nf5 8. O-O Be7
9. Qe1 h5 10. Bd3 Nb4 11. Bxf5 exf5 12. Qd1 d4 13. Na2 Nd5 14. d3 b5 15. c3 Bb7
16. Qb3 Qb6 17. Bd2 dxc3 18. a5 Qa7 19. Qd1 cxd2 20. Qxd2 O-O 21. Rae1 Nc7 22.
Ng5 Ne6 23. Kh1 Rad8 24. Qe3 Rd4 25. Nxe6 fxe6 26. Qh3 h4 27. Nc1 Rfd8 28. Re3
c4 29. b3 cxd3 30. Nxd3 Qa8 31. Ne1 Rd2 32. Rc3 Bc6 33. Nf3 Rd1 34. Rc1 R1d3
35. b4 Rb3 36. Rb1 Rdd3 37. Rxb3 Rxb3 38. Kg1 Qa7+ 39. Kh1 Rxb4 40. Nxh4 Qf2
41. Qd3 Qxh4 42. Qd2 Rc4 43. h3 Qxh3+ 0-1

[Event "Gibraltar Amateurs A"]
[Site "Gibraltar"]
[Date "2019.01.23"]
[Round "3.14"]
[White "White, Gary"]
[Black "Omtvedt, Aleksander"]
[Result "0-1"]
[WhiteElo "1623"]
[BlackElo "1896"]
[PlyCount "150"]
[EventDate "2019.01.21"]
[EventType "swiss"]
[EventRounds "5"]
[EventCountry "GGB"]

1. f4 d5 2. Nf3 g6 3. e3 Bg7 4. Be2 c5 5. O-O Nc6 6. Qe1 Nh6 7. d3 Nf5 8. Bd1
O-O 9. e4 dxe4 10. dxe4 Nfd4 11. c3 Nxf3+ 12. Bxf3 Qc7 13. Be3 b6 14. Nd2 Bb7
15. Qh4 Rad8 16. Rae1 Rd3 17. Rf2 e6 18. Nf1 Qd8 19. Qh3 Ne7 20. Ng3 Qd7 21. f5
exf5 22. exf5 Bxf3 23. Rxf3 Nxf5 24. Nxf5 gxf5 25. Qxf5 Qxf5 26. Rxf5 Rfd8 27.
Kf2 R8d5 28. Rf4 Re5 29. Re2 Kf8 30. Rh4 h5 31. g4 hxg4 32. Rxg4 Rd1 33. Bh6
Rf5+ 34. Rf4 Rxf4+ 35. Bxf4 c4 36. Re4 Rb1 37. Bd6+ Kg8 38. Ba3 b5 39. Re7 b4
40. Bxb4 Rxb2+ 41. Re2 Rb1 42. Re4 Rb2+ 43. Re2 Rxe2+ 44. Kxe2 f5 45. Kf3 Kf7
46. Kf4 Ke6 47. a4 Bh6+ 48. Kf3 Bg7 49. Kf4 Be5+ 50. Kf3 Bxh2 51. Bc5 a6 52.
Bd4 Kd5 53. Be3 Be5 54. Bd2 Kc6 55. Be3 Bxc3 56. Kf4 Bb2 57. Kxf5 Kd5 58. Bf4
Bg7 59. Bc1 c3 60. Kg6 Bh8 61. Kh7 Bd4 62. Kg6 Ke4 63. Kf7 Kd5 64. Ke7 Kc4 65.
Kd6 a5 66. Kc6 c2 67. Kd6 Bc3 68. Kc6 Be1 69. Kb6 Kb4 70. Kc6 Kxa4 71. Kc5 Kb3
72. Kd4 a4 73. Kd3 Bb4 74. Bf4 Bc3 75. Bc1 Bb2 0-1

[Event "Gibraltar Amateurs A"]
[Site "Gibraltar"]
[Date "2019.01.23"]
[Round "3.15"]
[White "Leimeister, Winfried"]
[Black "Haddock, Paul"]
[Result "1-0"]
[WhiteElo "1870"]
[BlackElo "1580"]
[PlyCount "73"]
[EventDate "2019.01.21"]
[EventType "swiss"]
[EventRounds "5"]
[EventCountry "GGB"]

1. e4 c5 2. Nf3 Nc6 3. g3 d6 4. Bg2 g6 5. O-O Bg7 6. d3 Nf6 7. c3 O-O 8. Nbd2
Rb8 9. a4 b5 10. axb5 Rxb5 11. Qe2 Qb6 12. Nc4 Qb8 13. Nfd2 e5 14. f4 Bg4 15.
Bf3 Bh3 16. Rf2 exf4 17. gxf4 Ne7 18. Ne3 Bh6 19. Ng4 Nxg4 20. Bxg4 Bxg4 21.
Qxg4 f5 22. Qh4 Bg7 23. Qxe7 Rf7 24. Qe6 Rbb7 25. Nc4 Rbd7 26. Be3 Kh8 27. Qd5
Qf8 28. Ra6 fxe4 29. dxe4 Bh6 30. Rxd6 Rde7 31. Rd8 Re8 32. Rxe8 Qxe8 33. Bxc5
Rd7 34. Bd4+ Bg7 35. Bxg7+ Kxg7 36. Qe5+ Qxe5 37. Nxe5 1-0

[Event "Gibraltar Amateurs A"]
[Site "Gibraltar"]
[Date "2019.01.23"]
[Round "3.16"]
[White "Sagar, Siya"]
[Black "Lochte, Szilvia"]
[Result "0-1"]
[WhiteElo "1616"]
[BlackElo "1868"]
[PlyCount "84"]
[EventDate "2019.01.21"]
[EventType "swiss"]
[EventRounds "5"]
[EventCountry "GGB"]

1. e4 c5 2. Nf3 e6 3. d4 cxd4 4. Nxd4 a6 5. Nc3 b5 6. Be3 Bb7 7. Bd3 Nf6 8. e5
Nd5 9. Nxd5 Bxd5 10. O-O Qc7 11. f4 d6 12. exd6 Bxd6 13. Qe2 O-O 14. Qh5 g6 15.
Qg4 Nd7 16. h4 Nf6 17. Qg5 Nh5 18. g4 Be7 19. Qh6 Nf6 20. Be2 Kh8 21. Qg5 Ne4
22. Qe5+ Qxe5 23. fxe5 Ng3 24. Rf2 Nxe2+ 25. Nxe2 Bxh4 26. Rh2 g5 27. b3 Bf3
28. Nd4 Bxg4 29. Rg2 Bh3 30. Rh2 Bf5 31. Nf3 Rg8 32. Kf1 Bg3 33. Rd2 g4 34. Nd4
Bxe5 35. Rad1 Be4 36. Re1 g3 37. Bh6 g2+ 38. Kg1 f5 39. Nf3 Bc3 40. Ng5 Rxg5
41. Bxg5 Bxd2 42. Bxd2 Rc8 0-1

[Event "Gibraltar Amateurs A"]
[Site "Gibraltar"]
[Date "2019.01.23"]
[Round "3.17"]
[White "Savage, Neil"]
[Black "Robson, Paul E"]
[Result "1-0"]
[WhiteElo "1585"]
[BlackElo "1861"]
[PlyCount "73"]
[EventDate "2019.01.21"]
[EventType "swiss"]
[EventRounds "5"]
[EventCountry "GGB"]

1. e4 c5 2. Nc3 Nc6 3. f4 g6 4. Nf3 Bg7 5. Bb5 Nd4 6. Bc4 d6 7. Nxd4 cxd4 8.
Ne2 e6 9. O-O Ne7 10. d3 O-O 11. Bd2 d5 12. exd5 Nxd5 13. c3 dxc3 14. bxc3 Nb6
15. Bb3 Qxd3 16. Rf3 Qd6 17. Qe1 Nc4 18. Rd1 Qb6+ 19. Kh1 Nxd2 20. Qxd2 a5 21.
Ba4 e5 22. Rd3 Bf5 23. Rd6 Qc7 24. Qe3 exf4 25. Qxf4 Qe7 26. Qf3 Rad8 27. Rxd8
Rxd8 28. Rxd8+ Qxd8 29. Qxb7 Qh4 30. Qa8+ Bf8 31. Qxa5 Qe1+ 32. Ng1 Qe3 33. c4
Bd3 34. Qc3 Bg7 35. Qb4 Bd4 36. Nf3 Bc5 37. Qb8+ 1-0

[Event "Gibraltar Amateurs A"]
[Site "Gibraltar"]
[Date "2019.01.23"]
[Round "3.18"]
[White "Greco, Joseph"]
[Black "Stamenov, Valeriy"]
[Result "1-0"]
[WhiteElo "1574"]
[BlackElo "1840"]
[PlyCount "101"]
[EventDate "2019.01.21"]
[EventType "swiss"]
[EventRounds "5"]
[EventCountry "GGB"]

1. e4 e5 2. Nf3 Nc6 3. Bc4 Nf6 4. d3 Be7 5. c3 d6 6. h3 O-O 7. b4 h6 8. O-O a6
9. Re1 Bd7 10. a4 Qc8 11. Kh2 Be6 12. Qb3 Nd8 13. Nh4 Ng4+ 14. hxg4 Bxh4 15. g3
Bf6 16. f3 Bxg4 17. fxg4 Qxg4 18. Qd1 Qg6 19. Qf3 Qh7 20. Qf5 Qh8 21. Rf1 Nc6
22. Na3 Ne7 23. Qf3 c6 24. Bd2 Rad8 25. Nc2 d5 26. Bb3 Qh7 27. Rad1 dxe4 28.
Qxe4 Rxd3 29. Qxh7+ Kxh7 30. Bc4 Rd7 31. Be3 Rfd8 32. Rxd7 Rxd7 33. Bxf7 Rd3
34. c4 Rc3 35. Rf2 Nf5 36. Rxf5 Rxc2+ 37. Rf2 Rc3 38. Bc5 e4 39. Re2 Be5 40.
Re3 Rxe3 41. Bxe3 Bc3 42. b5 cxb5 43. cxb5 axb5 44. axb5 b6 45. Bd5 Ba5 46.
Bxe4+ Kg8 47. Kh3 Kf7 48. Kg4 Kf6 49. Bd4+ Kf7 50. Bd5+ Kg6 51. Bc6 1-0

[Event "Gibraltar Amateurs A"]
[Site "Gibraltar"]
[Date "2019.01.23"]
[Round "3.19"]
[White "Dennis, Nigel W"]
[Black "Oliva Parra, Ernesto"]
[Result "1-0"]
[WhiteElo "1805"]
[BlackElo "1535"]
[PlyCount "83"]
[EventDate "2019.01.21"]
[EventType "swiss"]
[EventRounds "5"]
[EventCountry "GGB"]

1. e4 e5 2. Nf3 Nc6 3. Bb5 Bc5 4. O-O Nge7 5. c3 h6 6. d4 exd4 7. cxd4 Bb6 8.
d5 Nb8 9. Nc3 O-O 10. Bc4 d6 11. Nd4 a6 12. Be3 Nd7 13. f4 Kh8 14. Qf3 Ng8 15.
Rad1 Ndf6 16. h3 Nd7 17. Kh1 Re8 18. g4 Qf6 19. Qg3 Nc5 20. Qg2 Qh4 21. Bf2 Qe7
22. Rfe1 Qf6 23. b4 Nd7 24. Qg3 a5 25. a3 Nf8 26. e5 Qd8 27. e6 f6 28. Bb5 c6
29. dxc6 Bxd4 30. Bxd4 Rxe6 31. f5 Re7 32. Nd5 Rxe1+ 33. Rxe1 Nh7 34. c7 Qf8
35. Nb6 Ra6 36. Bxa6 bxa6 37. Nxc8 Qxc8 38. Qxd6 Ng5 39. Qc6 Qf8 40. c8=Q Qf7
41. Re8 Qb3 42. Rxg8+ 1-0

[Event "Gibraltar Amateurs A"]
[Site "Gibraltar"]
[Date "2019.01.23"]
[Round "3.20"]
[White "Koreywo, Witold"]
[Black "Longdin, Michael"]
[Result "1/2-1/2"]
[WhiteElo "1553"]
[BlackElo "1735"]
[PlyCount "112"]
[EventDate "2019.01.21"]
[EventType "swiss"]
[EventRounds "5"]
[EventCountry "GGB"]

1. d4 e6 2. Nf3 f5 3. Bf4 Nf6 4. e3 Be7 5. c4 d6 6. Nc3 O-O 7. Be2 Ne4 8. h3
Qe8 9. Nxe4 fxe4 10. Nd2 Qg6 11. g4 Bd8 12. Qc2 d5 13. O-O-O Nc6 14. a3 Nxd4
15. exd4 Rxf4 16. Rdf1 Qf6 17. f3 Qxd4 18. fxe4 Rxf1+ 19. Rxf1 Bg5 20. exd5
exd5 21. cxd5 Bd7 22. Qd3 Qxd3 23. Bxd3 Rd8 24. Kc2 Ba4+ 25. b3 Bxd2 26. bxa4
Bg5 27. Bc4 Rd6 28. Rf5 Bf6 29. g5 Bd4 30. Rf4 Bc5 31. Rf3 g6 32. h4 Kg7 33.
Kb3 Rd7 34. Rf1 Re7 35. Rf3 Re3+ 36. Rxe3 Bxe3 37. Be2 Bf2 38. h5 Bh4 39. hxg6
hxg6 40. a5 Bxg5 41. a6 b6 42. Kc4 Be7 43. Kb5 Bxa3 44. Kc6 Bd6 45. Kb7 b5 46.
Kxa7 b4 47. Kb7 Bc5 48. a7 Bxa7 49. Kxa7 b3 50. Kb7 b2 51. Bd3 g5 52. Kxc7 g4
53. d6 g3 54. d7 g2 55. d8=Q g1=Q 56. Qd7+ Kf6 1/2-1/2

[Event "Gibraltar Amateurs A"]
[Site "Gibraltar"]
[Date "2019.01.23"]
[Round "3.21"]
[White "Kearsley, Raymond J"]
[Black "Kurzok, Zenon"]
[Result "1-0"]
[WhiteElo "1537"]
[BlackElo "1722"]
[PlyCount "75"]
[EventDate "2019.01.21"]
[EventType "swiss"]
[EventRounds "5"]
[EventCountry "GGB"]

1. e4 g6 2. d4 Bg7 3. Nf3 d6 4. Nc3 Nd7 5. Be2 c5 6. O-O cxd4 7. Nxd4 Ngf6 8.
Be3 O-O 9. f4 Qb6 10. Nf5 Qd8 11. Nxg7 Kxg7 12. g4 Qa5 13. g5 Ne8 14. Nd5 Qd8
15. Qe1 e6 16. Nc3 h5 17. gxh6+ Kh7 18. Rd1 Qe7 19. Qg3 b6 20. Bf3 Bb7 21. Kh1
Rc8 22. Qh3 Rc4 23. Rf2 Rg8 24. Rfd2 a6 25. e5 d5 26. Ne2 b5 27. Nd4 Rc8 28.
Bg2 Ba8 29. Nf3 Rc4 30. Ng5+ Kh8 31. Bd4 Bb7 32. Bf1 Rc8 33. Bd3 Nc5 34. Rg1
Nxd3 35. Qxd3 Rc4 36. h4 Bc8 37. Rdg2 Qf8 38. h5 1-0

[Event "Gibraltar Amateurs A"]
[Site "Gibraltar"]
[Date "2019.01.23"]
[Round "3.22"]
[White "Tkadlecek, Petr"]
[Black "Ait Hammou Mohamed, Rayane"]
[Result "1-0"]
[WhiteElo "1719"]
[BlackElo "1514"]
[PlyCount "91"]
[EventDate "2019.01.21"]
[EventType "swiss"]
[EventRounds "5"]
[EventCountry "GGB"]

1. d4 Nf6 2. Nf3 e6 3. Bf4 d5 4. e3 c5 5. c3 Nc6 6. Bd3 cxd4 7. exd4 Bd6 8. Bg5
h6 9. Bh4 O-O 10. Bc2 Be7 11. Qd3 Ne4 12. Bg3 f5 13. Ne5 Bf6 14. Qe2 Bxe5 15.
Bxe5 Nxe5 16. dxe5 Qb6 17. Bb3 Bd7 18. Na3 Nc5 19. Qc2 Bb5 20. Nxb5 Qxb5 21.
Qe2 Qxe2+ 22. Kxe2 f4 23. c4 Nxb3 24. axb3 Rf5 25. Kf3 Rxe5 26. Rhe1 Rxe1 27.
Rxe1 Kf7 28. Kxf4 Kf6 29. h4 g5+ 30. hxg5+ hxg5+ 31. Kg4 d4 32. f4 Rg8 33.
fxg5+ Rxg5+ 34. Kf3 Rf5+ 35. Kg3 e5 36. Re2 a5 37. Kh2 d3 38. Re3 d2 39. Rd3
Rf2 40. Kg3 e4 41. Rd6+ Ke5 42. Rd5+ Ke6 43. Kxf2 a4 44. Rxd2 Ke5 45. Ke3 Kf5
46. Rd5+ 1-0

[Event "Gibraltar Amateurs A"]
[Site "Gibraltar"]
[Date "2019.01.23"]
[Round "3.23"]
[White "Arias Diaz, Miguel Angel"]
[Black "Towers, Brian"]
[Result "1/2-1/2"]
[WhiteElo "1421"]
[BlackElo "1710"]
[PlyCount "72"]
[EventDate "2019.01.21"]
[EventType "swiss"]
[EventRounds "5"]
[EventCountry "GGB"]

1. e4 e6 2. d4 d5 3. Nd2 Nf6 4. e5 Nfd7 5. Bd3 c5 6. c3 Nc6 7. Ne2 a5 8. a4 b6
9. Nf3 cxd4 10. cxd4 Nb4 11. Bb1 Ba6 12. O-O f6 13. exf6 Nxf6 14. Re1 Ne4 15.
Nc3 Be7 16. Nxe4 dxe4 17. Bxe4 Rc8 18. Bb1 O-O 19. Rxe6 Bc4 20. Re1 Bd5 21. Be4
Bxe4 22. Rxe4 Bf6 23. Be3 Qd5 24. Rg4 Qd7 25. Rg3 Nc2 26. Rc1 Nxd4 27. Nxd4
Bxd4 28. Rxc8 Rxc8 29. h3 Rd8 30. Qxd4 Qxd4 31. Bxd4 Rxd4 32. Rb3 Rd6 33. Kf1
Kf7 34. Ke2 h5 35. Re3 Rc6 36. Rd3 Re6+ 1/2-1/2

[Event "Gibraltar Amateurs A"]
[Site "Gibraltar"]
[Date "2019.01.23"]
[Round "3.24"]
[White "Guegan, Michel"]
[Black "Smedsrud, Morten S"]
[Result "1-0"]
[WhiteElo "1708"]
[BlackElo "1370"]
[PlyCount "53"]
[EventDate "2019.01.21"]
[EventType "swiss"]
[EventRounds "5"]
[EventCountry "GGB"]

1. d4 Nf6 2. Nf3 e6 3. e3 c5 4. Bd3 Nc6 5. c3 b6 6. O-O Bb7 7. Nbd2 Rc8 8. Re1
cxd4 9. exd4 Be7 10. Ne4 Qc7 11. Nfg5 d5 12. Nxf6+ Bxf6 13. Nxh7 Ke7 14. g3 Na5
15. Ng5 Nc4 16. Qe2 Qd7 17. Nf3 Rh5 18. b3 Nd6 19. Ne5 Bxe5 20. dxe5 Rch8 21.
exd6+ Qxd6 22. h4 Qc6 23. Bd2 f5 24. Bb5 Qc8 25. Qe5 Rxh4 26. gxh4 Rxh4 27.
Bg5+ 1-0

[Event "Gibraltar Amateurs A"]
[Site "Gibraltar"]
[Date "2019.01.23"]
[Round "3.25"]
[White "Cordero Infante, Ivan"]
[Black "D`haluin, Wim"]
[Result "1-0"]
[WhiteElo "1417"]
[BlackElo "1702"]
[PlyCount "69"]
[EventDate "2019.01.21"]
[EventType "swiss"]
[EventRounds "5"]
[EventCountry "GGB"]

1. e4 c5 2. Nc3 Nc6 3. Nf3 g6 4. Bc4 Bg7 5. d3 d6 6. Be3 a6 7. Rb1 Na5 8. Bb3
b5 9. Bd5 Rb8 10. a3 Nf6 11. O-O Bd7 12. Ba2 O-O 13. Qd2 Ng4 14. Bf4 Nc6 15. h3
Nge5 16. Nxe5 Nxe5 17. Bh6 e6 18. Bxg7 Kxg7 19. d4 cxd4 20. Qxd4 Qb6 21. Rbd1
b4 22. axb4 Qxb4 23. Qxb4 Rxb4 24. f4 Nc4 25. Bxc4 Rxc4 26. Rxd6 Bc6 27. f5
exf5 28. exf5 Rb8 29. fxg6 hxg6 30. Rff6 Ba8 31. Rb6 Rcc8 32. Rxb8 Rxb8 33.
Rxa6 Bxg2 34. Kxg2 Rxb2 35. Ra2 1-0

[Event "Gibraltar Amateurs A"]
[Site "Gibraltar"]
[Date "2019.01.23"]
[Round "3.26"]
[White "Ocana, Jeremy"]
[Black "Arias Diaz, Javier Alonso"]
[Result "1-0"]
[WhiteElo "1695"]
[BlackElo "1093"]
[PlyCount "39"]
[EventDate "2019.01.21"]
[EventType "swiss"]
[EventRounds "5"]
[EventCountry "GGB"]

1. d4 Nf6 2. Bf4 g6 3. e3 Bg7 4. Nf3 O-O 5. h3 d6 6. Be2 Nbd7 7. O-O c5 8. c3
Nb6 9. Nbd2 Nbd5 10. Bh2 Bf5 11. g4 Be6 12. Ng5 Bd7 13. e4 Nc7 14. dxc5 dxc5
15. Nb3 b6 16. Bc4 h6 17. Nxf7 Rxf7 18. e5 Ne4 19. Bxf7+ Kxf7 20. Qf3+ 1-0